000 00371nam a2200145Ia 4500
008 220216s9999 xx 000 0 und d
100 _aGeorge C M
245 0 _aMature rubber manuring : Effects of fertilizers on yield
260 _bRubber Board Bulletin
_c1962
300 _a202-208
650 _aFertilizers
650 _aManuring
650 _aRubber
942 _cJS
999 _c62646
_d62646